000 00685nam a22002297a 4500
005 20170124110027.0
010 _aB-005916
020 _c190.00
035 _aB-005916
037 _bCen Lib/Ret
040 _aDPL
_bEN
082 _a510
_bAGA
100 _aAgarwal, B.M.
_920865
245 _aQuantitative methods :
_cby B.M. Agarwal
_bfor ICWA and M.B.A. /
250 _a4th ed
260 _aNew Delhi
_bSultan Chand & Sons
_c1999-2000
270 _bNew Delhi
_a23, Dariya Ganj
_e110002
300 _avarious pagings
_c21cm(Hb)
650 _aMathematical expectation
_920866
650 _astatistical mundamentals
_920867
942 _2ddc
_cEN
_h510
_mAGA
999 _c127567
_d127567